[Event "FISU World University"]
[Site "Tornelo INT"]
[Date "2020.10.27"]
[Round "5.24"]
[White "Da Silva Araujo, Gabriel Victor"]
[Black "Flores, Fernando"]
[Result "1-0"]
[WhiteElo "2011"]
[BlackElo "1943"]
[PlyCount "77"]
[EventDate "2020.10.26"]
[EventType "team-swiss (rapid)"]
[EventRounds "9"]
[EventCountry "NET"]
[SourceTitle "CBM 199 Extra"]
[Source "ChessBase"]
[SourceDate "2021.01.31"]
[SourceVersion "1"]
[SourceVersionDate "2021.01.31"]
[SourceQuality "1"]
[WhiteTeam "Brazil II"]
[BlackTeam "Argentina II"]
[WhiteTeamCountry "BRA"]
[BlackTeamCountry "ARG"]

1. c4 e6 2. g3 d5 3. Bg2 Nf6 4. Nf3 c6 5. 0-0 Bd6 6. d4 Nbd7 7. b3 0-0 8. Bb2 Ne4 9. Nc3 f5 10. Nd2 a6 11. Rc1 b5 12. Ndxe4 fxe4 13. f3 b4 14. Nb1 exf3 15. Bxf3 Bb7 16. e4 Rc8 17. Qe2 Qe8 18. Nd2 Bb8 19. Rce1 Nf6 20. e5 Nd7 21. Kg2 Qe7 22. Rf2 Nb6 23. Ref1 Rf7 24. c5 Na8 25. a3 bxa3 26. Bxa3 Nc7 27. b4 Rcf8 28. Nb3 Nb5 29. Bb2 Bc7 30. Nc1 a5 31. Nd3 Ra8 32. Bg4 Rxf2+ 33. Qxf2 a4 34. Nf4 Bc8 35. Nh5 Bd7 36. Bc1 Rf8 37. Qxf8+ Qxf8 38. Rxf8+ Kxf8 39. Bb2 1-0

[Event "ARG-ch U18"]
[Site "Santiago del Estero"]
[Date "2014.06.12"]
[Round "4"]
[White "Flores, Fernando"]
[Black "Arias, Juan Cruz"]
[Result "1/2-1/2"]
[WhiteElo "1995"]
[BlackElo "1976"]
[PlyCount "34"]
[EventDate "2014.06.10"]
[EventType "swiss"]
[EventRounds "6"]
[EventCountry "ARG"]
[SourceTitle "EXT 2016"]
[Source "ChessBase"]
[SourceDate "2015.10.08"]
[SourceVersion "1"]
[SourceVersionDate "2015.10.08"]
[SourceQuality "1"]

1. Nf3 e6 2. g3 f5 3. Bg2 Nf6 4. d4 d5 5. Bg5 Bd6 6. Ne5 0-0 7. Nd2 Bd7 8. c4 c6 9. Bxf6 Qxf6 10. f4 Be8 11. e3 Qe7 12. Nd3 Nd7 13. c5 Bc7 14. b4 Nf6 15. 0-0 Ne4 16. Nxe4 fxe4 17. Ne5 Bxe5 1/2-1/2

[Event "ARG-ch U18"]
[Site "Santiago del Estero"]
[Date "2014.06.11"]
[Round "3"]
[White "Di Giannantonio, Nino"]
[Black "Flores, Fernando"]
[Result "1-0"]
[WhiteElo "2110"]
[BlackElo "1995"]
[PlyCount "75"]
[EventDate "2014.06.10"]
[EventType "swiss"]
[EventRounds "6"]
[EventCountry "ARG"]
[SourceTitle "EXT 2016"]
[Source "ChessBase"]
[SourceDate "2015.10.08"]
[SourceVersion "1"]
[SourceVersionDate "2015.10.08"]
[SourceQuality "1"]

1. e4 e6 2. d4 d5 3. Nd2 Nf6 4. e5 Nfd7 5. c3 c5 6. Bd3 Nc6 7. Ngf3 Qb6 8. 0-0 cxd4 9. cxd4 Nxd4 10. Nxd4 Qxd4 11. Nf3 Qb6 12. Qa4 Qb4 13. Qc2 Nc5 14. Bd2 Qb6 15. Bxh7 Bd7 16. b4 Na6 17. a3 Rc8 18. Qb1 Qd8 19. Bd3 Nb8 20. Qe1 a6 21. Qe2 Nc6 22. Qe3 Be7 23. Rac1 g5 24. h3 Rg8 25. Rfe1 g4 26. hxg4 Rxg4 27. Qh6 Nd4 28. Nxd4 Rxd4 29. Rxc8 Bxc8 30. Qh7 Bf8 31. Be3 Rg4 32. Be2 Re4 33. Bh5 Qe7 34. Rc1 Rc4 35. Rxc4 dxc4 36. Bc5 Qd7 37. Qg8 Kd8 38. Qxf8+ 1-0